000 00222nam a22000857a 4500
008 170612b xxu||||| |||| 00| 0 eng d
100 _93359
_aWanchoo. I. T
245 _aHistory our parts - 1
260 _aNew Delhi
_bG. B. P[
_c2009
999 _c6697
_d6697